| 000 | 00000nas 2200000zi 4500 |
| 001 | 9.909207 |
| 003 | CaOODSP |
| 005 | 20250107094947 |
| 006 | m o d f |
| 007 | cr cn||||||||| |
| 008 | 220318c20159999oncar p o f0###b0fre|d |
| 022 | |a2818-016X |
| 040 | |aCaOODSP|bfre|erda|cCaOODSP |
| 043 | |an-cn--- |
| 086 | 1 |aPS76-2F-PDF |
| 110 | 1 |aCanada. |bCommission civile d'examen et de traitement des plaintes relatives à la GRC, |eauteur, |eorganisme de publication. |
| 222 | 0|aÉtats financiers (non vérifiées) ... |b(Canada. Commission civile d'examen et de traitement des plaintes relatives à la GRC) |
| 245 | 10|aÉtats financiers (non vérifiées) ... / |cCommission civile d'examen et de traitement des plaintes relatives à la GRC. |
| 264 | 1|a[Ottawa] : |bCommission civile d'examen et de traitement des plaintes relatives à la GRC, |c[2015]- |
| 310 | |aAnnuel |
| 336 | |atexte|btxt|2rdacontent/fre |
| 337 | |ainformatique|bc|2rdamedia/fre |
| 338 | |aressource en ligne|bcr|2rdacarrier/fre |
| 362 | 1 |aParaît depuis : 2014/2015. |
| 500 | |aPublié aussi en anglais sous le titre : Financial statements (unaudited) ... |
| 515 | |aLes livraisons de 2014/2015-2017/2018 sont disponibles en HTML seulement. |
| 588 | |aDescription d'après : 2014/2015; titre de l'en-tête de la version HTML. |
| 588 | |aDernière livraison consultée : 2022/2023. |
| 610 | 16|aCanada. |bCommission civile d'examen et de traitement des plaintes relatives à la GRC|vPériodiques. |
| 650 | 6|aÉtats financiers non vérifiés|zCanada|vPériodiques. |
| 655 | 7|aPériodiques|2rvmgf |
| 775 | 08|tFinancial statements (unaudited) ... / |w(CaOODSP)9.909206 |
| 856 | 40|qHTML|ss.o.|uhttps://www.crcc-ccetp.gc.ca/fr/tats-financiers |